000 00731nam a2200229 a 4500
001 564
003 BR-CuiBMT
005 20231212230517.0
008 231109s2011 spba 000 0 por d
020 _a9788530934385
040 _aBR-CuiBMT
_cBR-CuiBMT
080 _22007
_a336.2
090 _a336.2
_bA382d
_c5. ed.
100 1 _aAlexandre, Ricardo
245 1 0 _aDireito tributário esquematizado /
_cRicardo Alexandre.
250 _a5. ed., rev. e atual.
260 _aSão Paulo :
_bMétodo,
_c2011.
300 _a735 p. :
_bil. color. ;
_c23 cm +
_e1 caderno de questões (219 p. : il. ; 23 cm)
504 _aInclui bibliografia.
650 _aDireito tributário
_xProblemas, questões, exercícios
_zBrasil
942 _2udc
_cLV
999 _c564
_d564